A collection of mathematical problems /

Guardado en:
Autor Principal: Ulam, Stanislaw M.
Formato: Libro
Idioma:English
Publicado: New York : Interscience Publishers, 1960.
Series:Interscience tracts in pure and applied mathematics ; no. 8
Etiquetas: Agregar Etiqueta
Sin Etiquetas, Sea el primero en etiquetar este registro!
LEADER 00878cam a22002051a 4500
001 MAT.inmabb002507
008 840430s1960####nyu######b####001#0#eng##
005 20160229130929.0
245 1 2 |a A collection of mathematical problems /  |c S. M. Ulam. 
260 |a New York :  |b Interscience Publishers,  |c 1960. 
300 |a xiii, 150 p. ;  |c 24 cm. 
440 0 |a Interscience tracts in pure and applied mathematics ;  |v no. 8 
504 |a Bibliografía: p. 145-150. 
505 0 |a 1. Set theory -- 2. Algebraic problems -- 3. Metric spaces -- 4. Topological spaces -- 5. Topological groups -- 6. Some questions in analysis -- 7. Physical systems -- 8. Computing machines as a heuristic aid. 
510 4 |a MR,  |c 22 #10884 
100 1 |a Ulam, Stanislaw M. 
084 |a 00A07 (03-01 26-99)  |2 msc2000 
010 |a  60008486  
040 |a DLC/ICU  |c ICU  |d DLC 
859 |h 00A07  |i Ul36  |p A-8165  |b BIB. MATEMATICA